Word Chain - choose a country - Statistics

General Stats
  • This quiz has been taken 15 times
  • The average score is 14 of 18
Answer Stats
Question Answer % Correct
Select the flag of Egypt
100%
Choose a country whose name starts with the last letter of the word Egypt
85%
Choose a country whose name starts with the last letter of the previous country
85%
Choose a country whose name starts with the last letter of the previous country
85%
Choose a country whose name starts with the last letter of the previous country
77%
Choose a country whose name starts with the last letter of the previous country
77%
Choose a country whose name starts with the last letter of the previous country
77%
Choose a country whose name starts with the last letter of the previous country
77%
Choose a country whose name starts with the last letter of the previous country
77%
Choose a country whose name starts with the last letter of the previous country
77%
Choose a country whose name starts with the last letter of the previous country
77%
Choose a country whose name starts with the last letter of the previous country
77%
Choose a country whose name starts with the last letter of the previous country
77%
Choose a country whose name starts with the last letter of the previous country
77%
Choose a country whose name starts with the last letter of the previous country
77%
Choose a country whose name starts with the last letter of the previous country
77%
Choose a country whose name starts with the last letter of the previous country
77%
Choose a country whose name starts with the last letter of the previous country
69%
No matching quizzes found
Score Distribution
Percent of People with Each Score
Percentile by Number Answered
Your Score History
You have not taken this quiz